000 00634nam a22001937a 4500
005 20170808111639.0
010 _aENG-119532
020 _a9789386720016
_c1495.00
035 _aEN-103064
037 _bDBAD/PUB
082 _a328.3420954
245 _aMajor cases of CBI/
_cedited by Manoj K. Singh
260 _aGhaziabad
_bRathore Publishers and Distributors
_c2018
270 _aBasement-260,Shaktikhand -III,Indirapuram
_bGhaziabad
_e201010
300 _avii,276p.
_c22cm(Hb)
500 _aIncludes bibliographical references and index
700 _aManoj K. Singh
942 _2ddc
_cEN
_h328.3420954
_mMAJ
999 _c143139
_d143139